| 000 | 00421nam a2200157Ia 4500 | ||
|---|---|---|---|
| 008 | 210716s2009 xx 000 0 und d | ||
| 020 | _a9780070528048 | ||
| 041 | _aeng | ||
| 082 | _a658.3010683 SHEG | ||
| 100 | _aShermon, Ganesh. | ||
| 245 | _aCompetency based HRM. | ||
| 250 | _a1 | ||
| 260 |
_aNew Delhi _bTata McGraw Hill Publishing Company Ltd _c2009 |
||
| 300 | _aix,536 | ||
| 650 | _aHuman Resource Management | ||
| 999 |
_c205307 _d205307 |
||